Návrh využitia udržateľného marketingového mixu ako súčasti marketingovej stratégie udržateľného rozvoja podniku KOVAL SYSTEMS, a.s.
Saved in:
| Main Author: | |
|---|---|
| Other Authors: | |
| Format: | Manuscript Book |
| Language: | Slovak |
| Published: |
2019
|
| Subjects: | |
| Online Access: | http://is.stuba.sk/zp/portal_zp.pl?podrobnosti=151947 |
| Tags: |
No Tags, Be the first to tag this record!
|
MARC
| LEADER | 00000ntm a22000003a 4500 | ||
|---|---|---|---|
| 001 | stuzp72829 | ||
| 003 | SK-STU | ||
| 005 | 20190615212136.1 | ||
| 007 | ta | ||
| 008 | 150427s2015----xo-----f-mn---000-0-slo-d | ||
| 040 | |a STU |b slo | ||
| 041 | 0 | |a slo | |
| 100 | 1 | |a Španková, Denisa |u 064000 |k Z4 |4 aut |U MTF Materiálovotechnologická fakulta |T MTF Ústav priemyselného inžinierstva a manažmentu |X 74912 |U M4000 |Y 84 |7 74912 | |
| 242 | 0 | 1 | |a The proposal use of sustainable marketing mix as part of sustainable development marketing strategy of enterprise KOVAL SYSTEMS, a.s. |y eng |
| 245 | 1 | 0 | |a Návrh využitia udržateľného marketingového mixu ako súčasti marketingovej stratégie udržateľného rozvoja podniku KOVAL SYSTEMS, a.s. |
| 260 | |c 2019 | ||
| 650 | 4 | |a Marketing |2 slo | |
| 650 | 4 | |a Produkt |2 slo | |
| 650 | 4 | |a Cena |2 slo | |
| 650 | 4 | |a Distribúcia |2 slo | |
| 650 | 4 | |a Propagácia |2 slo | |
| 650 | 4 | |a Udržateľný rozvoj |2 slo | |
| 650 | 4 | |a Marketing |2 eng | |
| 650 | 4 | |a Promotions |2 eng | |
| 650 | 4 | |a Price |2 eng | |
| 650 | 4 | |a Product |2 eng | |
| 650 | 4 | |a Distribution |2 eng | |
| 650 | 4 | |a Sustainable development |2 eng | |
| 700 | 1 | |a Prajová, Vanessa |u 064000 |k Z2 |4 ths |U MTF Materiálovotechnologická fakulta |T MTF Ústav priemyselného inžinierstva a manažmentu |X 47651 |U M4000 |Y 84 |7 A000047651 | |
| 856 | 4 | |u http://is.stuba.sk/zp/portal_zp.pl?podrobnosti=151947 | |
| 996 | |c M* DP-14081 |l MMSKP |s P |a 0 |w stuzp72829_0001 | ||